| 000 | 00643nam a22001937a 4500 | ||
|---|---|---|---|
| 005 | 20230314022556.0 | ||
| 008 | 230314b |||||||| |||| 00| 0 eng d | ||
| 020 | _a1-84665-064-x | ||
| 082 | _aFic. T969 2006 | ||
| 100 |
_aTwain, Mark _eauthor |
||
| 245 |
_aThe adventure of Tom Sawyer / _cMark Twain |
||
| 260 |
_aLondon: _bCharles Baker Books, _cc2006 |
||
| 300 |
_a89p.: _bcol. ill. |
||
| 490 | _aCharles Baker classics | ||
| 541 | _e4940 c.1, 4941 c.2 | ||
| 650 | _aSawyer, Tom (Fictitious character) - Juvenile fiction | ||
| 650 | _aMississippi - Social life and customs - 19th century - Juvenile fiction | ||
| 650 | _aAdventure stories | ||
| 999 |
_c1811 _d1811 |
||